Т. 45, ч. 2 : Фугас - Христианский социализм; Энциклопедический словарь Русского Библиографического института Гранат

Detaylı Bibliyografya
Parent link:Энциклопедический словарь Русского Библиографического института Гранат: в [58] т./ до 33-го тома под ред. проф. Ю. С. Гамбарова ; проф. В. Я. Железнова ; проф. М. М. Ковалевского ; проф. С. А. Муромцева ; проф. К. А. Тимирязева. Т. 45, ч. 2 : Фугас - Христианский социализм.— , [19---]
Özet:Загл. указано на корешке
Нумерация стр. в двойной пагинации.
Dil:Rusça
Baskı/Yayın Bilgisi: [19--]
Edisyon:7-е изд.
Konular:
Materyal Türü: Kitap
KOHA link:https://koha.lib.tpu.ru/cgi-bin/koha/opac-detail.pl?biblionumber=265775

MARC

LEADER 00000nam2a2200000 4500
001 265775
005 20231031223253.0
010 |b 7000 экз. 
035 |a (RuTPU)RU\TPU\book\288777 
035 |a RU\TPU\book\288776 
090 |a 265775 
100 |a 20140630d19-- km y0rusy50 ca 
101 0 |a rus 
102 |a RU 
105 |a af ef 000zy 
200 0 |a Т. 45, ч. 2 : Фугас - Христианский социализм 
205 |a 7-е изд. 
210 |d [19--] 
215 |a 788 с., [28] вкл. л. + 4 с.  |c ил.  |e Дополнительный листок к 45-II тому. 1935 г. 
300 |a Загл. указано на корешке 
300 |a Нумерация стр. в двойной пагинации. 
461 1 |0 (RuTPU)RU\TPU\book\288117  |t Энциклопедический словарь Русского Библиографического института Гранат  |o в [58] т.  |f до 33-го тома под ред. проф. Ю. С. Гамбарова ; проф. В. Я. Железнова ; проф. М. М. Ковалевского ; проф. С. А. Муромцева ; проф. К. А. Тимирязева  |v Т. 45, ч. 2 : Фугас - Христианский социализм  |d [19---] 
610 1 |a справочные издания 
610 1 |a словари 
610 1 |a энциклопедические издания 
686 |a Я  |v LBC/SL-A  |2 rubbk 
801 1 |a RU  |b 63413507  |c 20140625 
801 2 |a RU  |b 63413507  |c 20221128  |g RCR 
942 |c BK